A-Level Study Guide (Record no. 3462)

MARC details
000 -LEADER
fixed length control field 00533nam a22001817a 4500
003 - CONTROL NUMBER IDENTIFIER
control field OSt
005 - DATE AND TIME OF LATEST TRANSACTION
control field 20260130141257.0
008 - FIXED-LENGTH DATA ELEMENTS--GENERAL INFORMATION
fixed length control field 251217b |||||||| |||| 00| 0 eng d
020 ## - INTERNATIONAL STANDARD BOOK NUMBER
International Standard Book Number 9780582431744
040 ## - CATALOGING SOURCE
Transcribing agency Outspan Global University
050 ## - LIBRARY OF CONGRESS CALL NUMBER
Classification number LB1028.3
Item number .B37 2005
100 ## - MAIN ENTRY--PERSONAL NAME
Personal name Martin Barrall
Relator term Authors
245 ## - TITLE STATEMENT
Title A-Level Study Guide
Remainder of title ICT
Statement of responsibility, etc. by Barrall Martin & Mitchell-Kelso J V
260 ## - PUBLICATION, DISTRIBUTION, ETC.
Place of publication, distribution, etc. England
Name of publisher, distributor, etc. Pearsopn Education limited
Date of publication, distribution, etc. 2005
300 ## - PHYSICAL DESCRIPTION
Extent 179p
700 ## - ADDED ENTRY--PERSONAL NAME
Personal name Jo Kelso-Mitchell ,
Relator term Author
942 ## - ADDED ENTRY ELEMENTS (KOHA)
Source of classification or shelving scheme Library of Congress Classification
Koha item type Books
Suppress in OPAC No
Holdings
Withdrawn status Lost status Source of classification or shelving scheme Damaged status Not for loan Home library Current library Shelving location Date acquired Total checkouts Full call number Barcode Date last seen Price effective from Koha item type
    Library of Congress Classification     Main Campus 2nd Floor Main Library General stacks 12/17/2025   LB1028.3 .B37 2005 103198 12/17/2025 12/17/2025 Books